FOREIGN EXCHANGE PRACTICE CONCEPTS AND C (Record no. 24236)

MARC details
000 -LEADER
fixed length control field 00359nam a2200133Ia 4500
008 - FIXED-LENGTH DATA ELEMENTS--GENERAL INFORMATION
fixed length control field 240624s9999 xx 000 0 und d
041 ## - LANGUAGE CODE
Language code of text/sound track or separate title eng
082 ## - DEWEY DECIMAL CLASSIFICATION NUMBER
Classification number 343.052 JEE
100 ## - MAIN ENTRY--PERSONAL NAME
Personal name JEEVANANDAM C
245 ## - TITLE STATEMENT
Title FOREIGN EXCHANGE PRACTICE CONCEPTS AND C
260 ## - PUBLICATION, DISTRIBUTION, ETC.
Date of publication, distribution, etc. 2011
Place of publication, distribution, etc. New Delhi
Name of publisher, distributor, etc. Sultan Chand & Sons
300 ## - PHYSICAL DESCRIPTION
Extent xxii, : 520 : p. : cm. ; 23
365 ## - TRADE PRICE
Currency code RS
Holdings
Withdrawn status Lost status Damaged status Not for loan Home library Current library Shelving location Date acquired Cost, normal purchase price Full call number Barcode Date last seen Copy number Price effective from Koha item type
        IMTN IMTN Rack 14-B 05/19/2015 300.00 343.052 JEE 24236 06/24/2024 1 06/24/2024 Books
Designed & Maintained by: LRC IMT Nagpur Contact: lrc@imtnag.ac.in© 2024. All Rights Reserved.